000 00499nam a2200169Ia 4500
008 090201s9999 xx 000 0 und d
010 _aKPL-63918
040 _bमराठी
041 _aमराठी
082 _a1088
_b63918
100 _aविजया काळे
245 _aफुलोरा
_cविजया काळे
260 _c2004
_bश्रीकल्प प्रकाशन
300 _a189
_bमोठा
600 _aफुलोरा
942 _cBOOK
999 _c202184
_d202184